000 00263nam a2200121Ia 4500
008 190216s9999||||xx |||||||||||||| ||und||
100 _aThakazhi
245 0 _aBaloonukal
260 _bDc Books
_c1982
300 _a418p
650 _aMalayalam Novel
942 _cBK
999 _c26171
_d26171